| 000 | 03253nam0a2200397 4500 | ||
|---|---|---|---|
| 001 | RU\NLR\BIBL_A\012775122 | ||
| 005 | 20220601140251.0 | ||
| 010 |
_a978-5-98672-541-3 _9500 |
||
| 021 |
_aRU _bКН-П-22-002771 _9КН-П-22-0207 |
||
| 035 | _a(NLR Aleph) 012775122 | ||
| 035 | _a(RuMoRGB)010961874 | ||
| 090 |
_a13105348 _c13105348 |
||
| 100 | _a20220428d2021 k y0rusy50 ca | ||
| 101 | 0 | _arus | |
| 102 | _aRU | ||
| 105 | _a c||z|||000zy | ||
| 181 | 0 |
_ai3 _baxxe |
|
| 182 | 0 | _an | |
| 200 | 1 |
_aГеотехнологическая и экологическая безопасность городского подземного строительства _eмонография _fЕ.Ю. Куликова, С.А. Жуков |
|
| 203 |
_aТекст _bвизуальный _cнепосредственный |
||
| 210 |
_aМосква _cГорная книга _d2021 |
||
| 215 |
_a714, [3] с. _cил., табл., цв. ил., портр. _d29 |
||
| 225 | 1 |
_aПодземное строительство _eПС |
|
| 300 | _aВ конце кн. 1-й авт.: Куликова Е.Ю., д-р техн. наук, проф., лауреат премии Правительства РФ, лауреат премии "Золотое перо горняка", чл.-кор. Рос. акад. естеств. наук, Рос. инж. акад., действ. чл. Рос. эколог. акад. | ||
| 320 | _aБиблиогр.: с. 702-709 (147 назв.) | ||
| 330 | _aВ монографии рассмотрены основные аспекты обеспечения геотехнологической и экологической безопасности при освоении подземного пространства городов: технологическая и экологическая надежности подземных сооружений города, способы идентификации и управления рисками, виды мониторинга и экологического аудита. Книга рассчитана на широкий круг читателей: проектировщиков, производственников, предпринимателей, работников научных и учебных учреждений, аспирантов, магистров и студентов высших учебных заведений, обучающихся по специальности <Шахтное и подземное строительство> | ||
| 606 | 1 |
_aГородские подземные сооружения _xСтроительство _9888247 _3RU\NLR\AUTH\66320843 |
|
| 675 |
_a624.1:504 _v4 |
||
| 686 | 1 | _aН78-06 | |
| 700 | 1 |
_7ca _8rus _aКуликова _bЕ. Ю. _cд-р техн. наук, геоэкология _gЕлена Юрьевна _917163 _3RU\NLR\AUTH\7734157 |
|
| 701 | 1 |
_7ca _8rus _aЖуков _bС. А. _cспециалист в области метростроения _f1973- _gСергей Анатольевич _9242764 _3RU\NLR\AUTH\770242820 |
|
| 942 | _cBOOK | ||
| 980 | _aNB | ||